<?xml version="1.0" encoding="UTF-8"?>
<record
    xmlns:xsi="http://www.w3.org/2001/XMLSchema-instance"
    xsi:schemaLocation="http://www.loc.gov/MARC21/slim http://www.loc.gov/standards/marcxml/schema/MARC21slim.xsd"
    xmlns="http://www.loc.gov/MARC21/slim">

  <leader>00843nab a2200241 uc4500</leader>
  <controlfield tag="001">494641</controlfield>
  <controlfield tag="005">20240822093619.0</controlfield>
  <controlfield tag="008">990817nuuuuuuuu                    spa  </controlfield>
  <datafield tag="035" ind1=" " ind2=" ">
    <subfield code="a">494641</subfield>
  </datafield>
  <datafield tag="035" ind1=" " ind2=" ">
    <subfield code="a">(OCoLC)819803690</subfield>
  </datafield>
  <datafield tag="040" ind1=" " ind2=" ">
    <subfield code="c">comduadb</subfield>
  </datafield>
  <datafield tag="041" ind1=" " ind2=" ">
    <subfield code="a">spa</subfield>
  </datafield>
  <datafield tag="100" ind1="1" ind2="0">
    <subfield code="a">Dublin, Thomas</subfield>
    <subfield code="4">aut</subfield>
    <subfield code="e">aut</subfield>
    <subfield code="9">297058</subfield>
  </datafield>
  <datafield tag="245" ind1="1" ind2="0">
    <subfield code="a">Genero y decadencia economica : la region de las minas de Antracita de Pennsylvania, 1920-1970</subfield>
  </datafield>
  <datafield tag="650" ind1=" " ind2=" ">
    <subfield code="a">Pensilvania (Estados Unidos)</subfield>
    <subfield code="9">57460</subfield>
  </datafield>
  <datafield tag="650" ind1=" " ind2="7">
    <subfield code="a">Crisis econ&#xF3;mica</subfield>
    <subfield code="2">lemb</subfield>
    <subfield code="9">40998</subfield>
  </datafield>
  <datafield tag="650" ind1=" " ind2=" ">
    <subfield code="a">Mujeres (G&#xE9;nero)</subfield>
    <subfield code="9">52393</subfield>
  </datafield>
  <datafield tag="650" ind1=" " ind2="7">
    <subfield code="a">Hombres</subfield>
    <subfield code="2">lemb</subfield>
    <subfield code="9">25763</subfield>
  </datafield>
  <datafield tag="650" ind1=" " ind2=" ">
    <subfield code="a">Minas de Antracita</subfield>
    <subfield code="9">37207</subfield>
  </datafield>
  <datafield tag="700" ind1="1" ind2="0">
    <subfield code="a">Licht, Walter</subfield>
    <subfield code="4">aut</subfield>
    <subfield code="e">aut</subfield>
    <subfield code="9">324151</subfield>
  </datafield>
  <datafield tag="773" ind1="0" ind2=" ">
    <subfield code="t">Historia, Antropolog&#xED;a y Fuentes Orales (Barcelona)</subfield>
    <subfield code="g">N&#xFA;mero 17, Enero-Junio 1997, p. 59-72</subfield>
    <subfield code="w">132470</subfield>
    <subfield code="x">1136-1700</subfield>
    <subfield code="0">66028</subfield>
  </datafield>
  <datafield tag="942" ind1=" " ind2=" ">
    <subfield code="c">ARIMP</subfield>
  </datafield>
  <datafield tag="999" ind1=" " ind2=" ">
    <subfield code="c">123737</subfield>
    <subfield code="d">123737</subfield>
  </datafield>
</record>
